000 00511nam a2200205 a 4500
001 10869
003 CO-ViMGA
008 141112s2004 ck r 000 u spa d
020 _a8401462436
040 _aCO-ViMGA
_bspa
_cCO-ViMGA
082 0 4 _a843.91 C41p
100 1 _aCharriere, Henri
_914867
245 1 0 _aPapillon
250 _a10
260 _aBarcelona,
_cPlaza y Janes Editores,
_c1998
300 _a703p.
490 _aLos JET de Plaza y Janes
650 1 4 _aNOVELA FRANCESA
_92629
942 _2ddc
_cBK
999 _c22089
_d22089